Οργάνωση Αποθηκών Τροφίμων. (Record no. 8632)
[ view plain ]
| 000 -LEADER | |
|---|---|
| fixed length control field | 01778cam a22001934a 4500 |
| 005 - ΗΜΕΡΟΜΗΝΙΑ ΚΑΙ ΩΡΑ ΤΕΛΕΥΤΑΙΑΣ ΕΝΗΜΕΡΩΣΗΣ | |
| Πεδίο ελέγχου | 20250605164342.0 |
| 008 - FIXED-LENGTH DATA ELEMENTS--GENERAL INFORMATION | |
| Πεδίο ελέγχου σταθερού μήκους | 250528s ||||||||||||||||||||||||d |
| 035 ## - SYSTEM CONTROL NUMBER | |
| System control number | 23635 |
| 040 ## - ΠΗΓΗ ΚΑΤΑΛΟΓΟΓΡΑΦΗΣΗΣ | |
| Φορέας πρωτότυπης καταλογογράφησης | MC Athens Campus Library |
| Γλώσσα καταλογογράφησης | Ελληνικά, Μοντέρνα (1453-) |
| Modifying agency | MC Athens Campus Library |
| Κανόνες περιγραφικής καταλογογράφησης | AACR2 |
| 245 1# - ΤΙΤΛΟΣ ΚΑΙ ΔΗΛΩΣΗ ΥΠΕΥΘΥΝΟΤΗΤΑΣ | |
| Τίτλος | Οργάνωση Αποθηκών Τροφίμων. |
| 260 ## - PUBLICATION, DISTRIBUTION, ETC. | |
| Date of publication, distribution, etc. | 2014 |
| 300 ## - PHYSICAL DESCRIPTION | |
| Extent | 45 |
| 520 ## - SUMMARY, ETC. | |
| Summary, etc. | Εισαγωγή, Εφοδιαστική Αλυσίδα, τι είναι Εφοδιαστική Αλυσίδα, τι είναι Logistics, η Χρησιμότητα των Logistics στις Επιχειρήσεις, η Θέση των Logistics στην Οργανωτική Δομή της Επιχείρησης, Αποθήκευση (Warehousing), Σχεδιασμός Αποθηκευτικού Δικτύου, Συσκευασμένα Τρόφιμα, Αξιοποίηση Χώρου, Βασική Χωροθέτηση, Χωροθέτηση Αποθήκης, Επιλογή Συστημάτων Αποθήκευσης, Διαδικασία Παραλαβής, Αποκλίσεις, Απόθεση Χωρίς Τερματικό Ανάγνωσης Barcode, Αποθέματα, το Φαινόμενο του Μαστιγίου, τα Αίτια και οι Επιπτώσεις του Φαινομένου, οι κανόνας Preto (ABC ανάλυση), Διαδικασίας Συλλογής και Ελέγχου Παραγγελιών (Order Picking), Μέθοδοι Picking, Μέθοδοι Προετοιμασίας Παραγγελίων, Απογραφή, Διαχείρηση Επιστροφών Εμπορευμάτων, Φόρτωση, Παραπομπές. |
| 700 1# - ΠΡΟΣΘΕΤΗ ΑΝΑΓΡΑΦΗ--ΦΥΣΙΚΟ ΠΡΟΣΩΠΟ | |
| Personal name | Λάμπρος Νίκου |
| 9 (RLIN) | 9228 |
| 700 1# - ΠΡΟΣΘΕΤΗ ΑΝΑΓΡΑΦΗ--ΦΥΣΙΚΟ ΠΡΟΣΩΠΟ | |
| Personal name | Πρόντζας Παναγιώτης |
| 9 (RLIN) | 9225 |
| 942 ## - ADDED ENTRY ELEMENTS (KOHA) | |
| Koha item type | Διπλωματική εργασία |
| Τύπος τεκμηρίου | Βιβλιοθήκη | Τρέχουσα τοποθεσία | Barcode | Ημερομηνία απόκτησης | Ταξιθετικό σύμβολο | Αριθμός αντιτύπου | Κατάσταση απόσυρσης | Κατάσταση χαμένου | Κατάσταση κατεστραμμένου | Μη δανεισμός | Σύνολο δανεισμών | Ημερομηνία τελευταίας εμφάνισης | Η τιμή ισχύει από |
|---|---|---|---|---|---|---|---|---|---|---|---|---|---|
| Διπλωματική εργασία | MC Athens Campus Library | MC Athens Campus Library | 9780000086310 | 05/06/2025 | BUS 2014 (39) | 1 | 05/06/2025 | 05/06/2025 |